000 00766nam a2200253Ia 4500
003 OSt
005 20220925205015.0
006 a|||||r|||| 00| 0
007 ta
008 220923b |||||||| |||| 00| 0 eng d
020 _a0312160852
037 _cGeneral Book
040 _aRTL
_cRTL
_beng
041 _2eng
_aeng
082 _aX:3M24xM18.58.N9, N6
100 _aWhite James D
_9269454
245 0 _aKarl Marx and the intellectual origins of dialectical materialism
260 _aHampshire
_bMacmillan Press
_c1996
300 _axi, 416p
_ccm.
500 _aBibliography: p 397-407
650 _aEconomics Classes Karl Marx
_9230895
942 _hX:3M24xM18.58.N9, N6
_cGB
_2CC
999 _c550987
_d550987